01424nam a2200313 a 4500008004100000020003300041040002500074041001300099044001100112080002200123245047100145250001300616260005500629300003400684500003800718700003000756700003000786700003200816700002800848700002300876700003000899700002900929700002600958700002400984700002501008700002401033700002701057700002601084951211s1980||||[C 0 slo c c110 Kčs. q(30000 výtl.) aSNKbslocSNKeAACR21 aslohslo axocSK a796/799(100)(031)10aMalá encyklopédia telesnej výchovy a športubDejiny a teória telesnej kultúry. Odvetvia telesnej výchovy a športu. Formy masovej a rekreačnej aktivity. Športy. Významné postavy. Športové organizácie ; Jaromír Perútka, Jolana Mišurová, František Šubín, Tibor Hrabovský, Jozef Kuchta, Milan Kriššák, Peter Pospíšil, Július Psotka, Milan Richter, Karel Schubert, Ján Súkup, Ivan Urbanovič, Igor Čechvala a1., vyd. aBratislavabŠportc1980eMartinfTlačiarne SNP a776 s., 115,29 AHbTb.c24 cm aSpoluvyd. Obzor, Bratislava. Opr.1 aPerútka, Jaromír4com1 aMišurová, Jolana4bkd1 aŠubín, František4bkd1 aHrabovský, Tibor4bkd1 aKuchta, Jozef4bkd1 aKriššák, Milan4bkd1 aPospíšil, Peter4bkd1 aPsotka, Július4bkd1 aRichter, Milan4bkd1 aSchubert, Karel4bkd1 aSúkup, Ján4bkd1 aUrbanovič, Ivan4bkd1 aČechvala, Igor4bkd